000 00510nam a22001817a 4500
005 20251108164209.0
008 250721s2001 xx 000 0 ara d
082 1 4 _a615.10956/سال
100 1 _aسالم، خالد
245 1 0 _aالكاشف في الأدوية و رأي الطب العربي /
264 1 _aعمان :
_bالمؤلف،
_c2001.
300 _a262ص
650 1 7 _aالأدوية
650 1 7 _aالطب
650 1 7 _aالتاريخ الإسلامي
942 _2ddc
_cBK
999 _c6123
_d6123